Before you marry them: (Record no. 14538)

000 -LEADER
fixed length control field 00688nam a2200205 a 4500
001 - CONTROL NUMBER
control field :::00012370$&:&@@
003 - CONTROL NUMBER IDENTIFIER
control field OkBaRHE
005 - DATE AND TIME OF LATEST TRANSACTION
control field 20100402121706.0
008 - FIXED-LENGTH DATA ELEMENTS--GENERAL INFORMATION
fixed length control field s1975 j 000 0 eng u
040 ## - CATALOGING SOURCE
Transcribing agency
100 1# - MAIN ENTRY--PERSONAL NAME
Personal name Oates, Wayne Edward, 1917-
245 10 - TITLE STATEMENT
Title Before you marry them:
Remainder of title a premarital guidebook for pastors.
260 ## - PUBLICATION, DISTRIBUTION, ETC. (IMPRINT)
Place of publication, distribution, etc Nashville, TN., :
Name of publisher, distributor, etc Broadman Press
Date of publication, distribution, etc 1975
300 ## - PHYSICAL DESCRIPTION
Extent 137 p. ;
Dimensions 20 cm.
650 ## - SUBJECT ADDED ENTRY--TOPICAL TERM
Topical term or geographic name as entry element Marriage Counseling
650 ## - SUBJECT ADDED ENTRY--TOPICAL TERM
Topical term or geographic name as entry element Pastoral Counseling
700 ## - ADDED ENTRY--PERSONAL NAME
Personal name Rowatt, Wade, Joint author.
942 ## - ADDED ENTRY ELEMENTS (KOHA)
Source of classification or shelving scheme
Koha item type Books
Copies
Copy number Lost status Permanent Location Not for loan Date last seen Damaged status Shelving location Source of classification or shelving scheme Withdrawn status Current Location Koha item type Date acquired Barcode Price effective from Full call number
1 RHEMA Bible Training College 2010-04-14 General Stacks  RHEMA Bible Training CollegeBooks2010-04-14123702010-04-14HQ 10 .018